00475nam a22001577a 4500003000500000038001800005040002500023082000800048100001600056245006900072264003500141300002400176650002800200700003200228856005700260NUST aNusrat Nadeem aCentral Library NUST a200 aAtiq, Maria aTemperature Control in Membrane-type Microheaters/cMaria Atiq,  aIslamabad,bSEECS NUST,c2024. a86,p:bill;c30,cm. aElectrical Engineering  aSupervisor: Dr. Usman Khan, uhttp://10.250.8.41:8080/xmlui/handle/123456789/43553